| 000 | 01011nam0a2200289 4500 | ||
|---|---|---|---|
| 001 | RU\NLR\BIBL_A\022471048 | ||
| 005 | 20250806210515.0 | ||
| 035 | _a(NLR Aleph) 022471048 | ||
| 090 |
_a82913 _c82913 |
||
| 100 | _a20250226a1941 u y0rusy50 ca | ||
| 101 | 0 | _aarm | |
| 102 | _aAM | ||
| 105 | _ay z 000 y | ||
| 181 | 0 |
_ai _baxxe |
|
| 182 | 0 | _an | |
| 200 | 1 |
_aՂազարոս Աղայան _fՀրայր Մուրադյան |
|
| 203 |
_aТекст _bвизуальный _cнепосредственный |
||
| 210 |
_aԵրեվան _bՀայպետհրատ _d1941 |
||
| 215 |
_a113,[1] c. _d20 |
||
| 541 | 1 |
_6z01790 _aКазарос Агаян _eжизнь и деятельность _zrus |
|
| 700 | 1 |
_aՄուրադյան _bՀ. _gՀրայր _4700 |
|
| 790 | 0 |
_6z01541 _aМурадян _bГ. _gГрайр _4700 |
|
| 942 | _cBOOK | ||
| 945 |
_aРоссийская национальная библиотека _aНациональная библиотека Армении |
||
| 980 | _aNB | ||
| 980 | _aBV | ||